| 000 | 00904cam a22003015a 4500 | ||
|---|---|---|---|
| 001 | 018406630 | ||
| 003 | OSt | ||
| 005 | 20171115135730.0 | ||
| 008 | 170601t2017 enk fr f001 0 eng d | ||
| 020 | _a9780198745525 | ||
| 040 |
_aStDuBDS _beng _cStDuBDS _dEG-ScBUE |
||
| 082 | 0 | 4 |
_a346.4203 _222 _bLUN |
| 100 | 1 | _aLunney, Mark. | |
| 245 | 1 | 0 |
_aTort law : _btext and materials / _cKen Oliphant, Donal Nolan and Ken Oliphant. |
| 250 | _a6th ed. | ||
| 260 |
_aOxford : _bOxford University Press, _cc.2017. |
||
| 300 |
_alxi, 1016 p. ; _c25 cm. |
||
| 500 | _aPrevious edition: published as by Mark Lunney and Ken Oliphant. 2013. | ||
| 500 | _aIncludes index. | ||
| 650 | 0 |
_aTorts _zEngland. _2BUEsh |
|
| 650 | 0 |
_aTorts _zWales. _2BUEsh |
|
| 651 | _2BUEsh | ||
| 653 |
_bLLAAWW _cNovember2017 |
||
| 655 |
_vReading book _934232 |
||
| 700 | 1 | _aNolan, Donal. | |
| 700 | 1 | _aOliphant, Ken. | |
| 942 | _2ddc | ||
| 999 |
_c25589 _d25561 |
||